| 000 | 00333nam a22001337a 4500 | ||
|---|---|---|---|
| 003 | OSt | ||
| 008 | 250303b |||||||| |||| 00| 0 eng d | ||
| 100 | _aSINGH, Bhupinder | ||
| 245 | _aAutomobile Engineering... | ||
| 260 |
_aNew Delhi, _bNaples Indian: _c2024. |
||
| 300 | _a221p. | ||
| 650 | _aFaculty Publication | ||
| 942 |
_2ddc _cBK |
||
| 999 |
_c13171 _d13171 |
||